Les espaces de la politique (notice n° 2198570)

détails MARC
000 -LEADER
fixed length control field 01741cam a2200133 4500500
005 - DATE AND TIME OF LATEST TRANSACTION
control field 20260405085550.0
041 ## - LANGUAGE CODE
Language code of text/sound track or separate title fre
042 ## - AUTHENTICATION CODE
Authentication code dc
100 10 - MAIN ENTRY--PERSONAL NAME
Personal name Claval, Paul
Relator term author
245 00 - TITLE STATEMENT
Title Les espaces de la politique
260 ## - PUBLICATION, DISTRIBUTION, ETC.
Name of publisher, distributor, etc. Armand Colin,<br/>
Date of publication, distribution, etc. 2010.<br/>
520 ## - SUMMARY, ETC.
Summary, etc. Le pouvoir mobilise la force et la menace qu’elle fait peser. Il repose sur la légitimité ou s’appuie sur la domination économique et l’influence idéologique. Puisque la coercition impose des décisions à des individus réticents – mais implique une surveillance permanente –, une autorité acceptée fonctionne à moindres coûts. Ainsi, les jeux du pouvoir, d’abord diffus, se sont concentrés dans un système politique qui coiffe, contrôle et dirige la société civile. C’est à partir de la Renaissance que l’État souverain s’est structuré en s’appuyant sur le territoire, sur la frontière et sur la capitale. Dès lors, la vie internationale repose sur des équilibres de dissuasion. Aujourd’hui, le monde est remodelé par la mondialisation de l’économie, la facilité accrue des déplacements et des communications, et le désir de pacifier la vie internationale. L’État national perd ses prérogatives, les instances de décision se multiplient, et les citoyens pèsent davantage sur la politique intérieure et étrangère. On parle de gouvernance. Toutefois, les relations internationales ne parviennent pas à s’affranchir de la dissuasion. Dans un ouvrage résumant trente ans de réflexion, Paul Claval propose une synthèse magistrale renouvelant la géographie politique et la géopolitique.
856 41 - ELECTRONIC LOCATION AND ACCESS
Uniform Resource Identifier <a href="https://shs.cairn.info/les-espaces-de-la-politique--9782200345273?lang=fr&redirect-ssocas=7080">https://shs.cairn.info/les-espaces-de-la-politique--9782200345273?lang=fr&redirect-ssocas=7080</a>

Pas d'exemplaire disponible.

PLUDOC

PLUDOC est la plateforme unique et centralisée de gestion des bibliothèques physiques et numériques de Guinée administré par le CEDUST. Elle est la plus grande base de données de ressources documentaires pour les Étudiants, Enseignants chercheurs et Chercheurs de Guinée.

Adresse

627 919 101/664 919 101

25 boulevard du commerce
Kaloum, Conakry, Guinée

Réseaux sociaux

Powered by Netsen Group @ 2025